[Event "Steyr Landesliga 1819"]
[Site "Austria"]
[Date "2019.02.09"]
[Round "8.8"]
[White "Wang, Ziqian Paul"]
[Black "Guttmann, Georg"]
[Result "1/2-1/2"]
[WhiteElo "1129"]
[BlackElo "1323"]
[PlyCount "55"]
[EventDate "2018.10.06"]
[EventType "team-tourn"]
[EventRounds "11"]
[EventCountry "AUT"]
[SourceTitle "CBM 189 Extra"]
[Source "ChessBase"]
[SourceDate "2019.06.03"]
[SourceVersion "1"]
[SourceVersionDate "2019.06.03"]
[SourceQuality "1"]
[WhiteTeam "Graz Schachgesellschaft"]
[BlackTeam "Feldbach Kirchberg"]
[WhiteTeamCountry "AUT"]
[BlackTeamCountry "AUT"]

1. e4 e5 2. Nf3 Nc6 3. Bc4 Bc5 4. Nc3 d6 5. h3 Be6 6. Nd5 Na5 7. Be2 c6 8. Nc3 b5 9. a3 Nb7 10. d4 exd4 11. Nxd4 Bxd4 12. Qxd4 Qf6 13. Qd1 0-0-0 14. Bd3 d5 15. h4 h6 16. Bd2 Nc5 17. Qe2 dxe4 18. Bxe4 Ne7 19. 0-0-0 Nxe4 20. Nxe4 Qg6 21. g3 Bf5 22. Rhe1 Nd5 23. Ba5 Nb6 24. Nc3 Rxd1+ 25. Rxd1 Rd8 26. Rxd8+ Kxd8 27. a4 Bd7 28. Qe3 1/2-1/2

[Event "Steyr Landesliga 1819"]
[Site "Austria"]
[Date "2018.11.10"]
[Round "4.8"]
[White "Bakalarz, Adrian"]
[Black "Guttmann, Georg"]
[Result "1-0"]
[WhiteElo "1231"]
[BlackElo "1323"]
[PlyCount "87"]
[EventDate "2018.10.06"]
[EventType "team-tourn"]
[EventRounds "11"]
[EventCountry "AUT"]
[SourceTitle "CBM 187 Extra"]
[Source "ChessBase"]
[SourceDate "2018.11.04"]
[SourceVersion "1"]
[SourceVersionDate "2018.11.04"]
[SourceQuality "1"]
[WhiteTeam "Gamlitz"]
[BlackTeam "Feldbach Kirchberg"]
[WhiteTeamCountry "AUT"]
[BlackTeamCountry "AUT"]

1. e4 e5 2. d4 exd4 3. Nf3 Bc5 4. Nxd4 Qh4 5. Nc3 Nf6 6. g3 Qg4 7. Be2 Qh3 8. e5 Bxd4 9. Qxd4 Nc6 10. Qf4 Nh5 11. Qg5 g6 12. Nb5 0-0 13. Nxc7 Rb8 14. Bd2 Nd4 15. Bg4 h6 16. Qxh5 Qxh5 17. Bxh5 Nxc2+ 18. Kd1 Nxa1 19. Be2 Kh7 20. Kc1 d6 21. exd6 Bf5 22. Bd1 Rfd8 23. g4 Bd3 24. Bf4 g5 25. Bg3 Kg7 26. b3 f6 27. Ne6+ Kf7 28. Nxd8+ Rxd8 29. Kb2 Be4 30. Re1 Bd5 31. Kxa1 Re8 32. Rxe8 Kxe8 33. Kb2 Kd7 34. Kc3 Kc6 35. Kd4 Bg2 36. Bc2 Bh3 37. Bf5 h5 38. d7 Bxg4 39. Bxg4 hxg4 40. d8Q f5 41. Qc7+ Kb5 42. a3 b6 43. Qc4+ Ka5 44. Qa4# 1-0

[Event "Steyr Landesliga 1819"]
[Site "Austria"]
[Date "2018.10.13"]
[Round "2.8"]
[White "Strobl, Samuel"]
[Black "Guttmann, Georg"]
[Result "1-0"]
[WhiteElo "1680"]
[BlackElo "1323"]
[PlyCount "51"]
[EventDate "2018.10.06"]
[EventType "team-tourn"]
[EventRounds "11"]
[EventCountry "AUT"]
[SourceTitle "CBM 187 Extra"]
[Source "ChessBase"]
[SourceDate "2018.11.04"]
[SourceVersion "1"]
[SourceVersionDate "2018.11.04"]
[SourceQuality "1"]
[WhiteTeam "Leibnitz"]
[BlackTeam "Feldbach Kirchberg"]
[WhiteTeamCountry "AUT"]
[BlackTeamCountry "AUT"]

1. e4 e5 2. f4 d6 3. Bc4 Nc6 4. d3 Nf6 5. Nf3 Bg4 6. h3 Bxf3 7. Qxf3 exf4 8. Bxf4 Ne5 9. Bxe5 dxe5 10. Nc3 c6 11. 0-0 Bb4 12. Qg3 0-0 13. Qxe5 Re8 14. Qg3 Qd4+ 15. Kh1 Bxc3 16. bxc3 Qxc3 17. Qc7 Rf8 18. Qxb7 c5 19. Bxf7+ Kh8 20. Bb3 a5 21. a4 g5 22. Rad1 Qe5 23. Rf5 Qd4 24. Rxg5 Nd7 25. Rd5 Rab8 26. Qxd7 1-0